| 000 | 00787nam a2200229 i 4500 | ||
|---|---|---|---|
| 001 | bg | ||
| 245 | 0 | 0 |
_aSport training in interdisciplinary scientific researches / _csci. ed. Janusz Szopa, Tomasz Gabryś ; Faculty of Management. Technical University of Czestochowa. |
| 260 |
_aCzęstochowa : _bSekcja Wydawnictwa Wydziału Zarządzania Politechniki Częstochowskiej, _c2004. |
||
| 300 |
_a348 s. : _bfot., wykr. ; _c24 cm. |
||
| 504 | _aBibliogr. przy rozdz. | ||
| 650 | 9 | _aTrening sportowy | |
| 700 | 1 |
_aSZOPA, Janusz _d(1948- ). _eRed. |
|
| 700 | 1 |
_aGABRYŚ, Tomasz. _eRed. |
|
| 015 | _aPB 13490/2005 | ||
| 020 | _a8388469827 | ||
| 040 | _cBPK | ||
| 041 | 0 | _aeng | |
| 080 | _a796.015 | ||
| 920 | _a83-88469-82-7 | ||
| 942 | _cKS | ||
| 008 | s pl f |000 0 pol | ||
| 999 |
_c46880 _d46880 |
||
| 856 |
_uhttp://koha.tu.koszalin.pl/cgi-bin/koha/opac-detail.pl?biblionumber=46880 _yKatalog online BPK |
||